Top 5 Most Stable Countries By Continent - Statistics

General Stats
  • This quiz has been taken 1,243 times
  • The average score is 18 of 25
Answer Stats
Africa % Correct
United States
97%
Canada
96%
Chile
88%
Japan
88%
Norway
88%
Argentina
87%
Brazil
87%
South Africa
85%
Finland
84%
South Korea
82%
Denmark
80%
Uruguay
80%
Switzerland
78%
Singapore
73%
Suriname
73%
Bahamas
70%
Costa Rica
66%
Ireland
61%
United Arab Emirates
58%
Barbados
57%
Seychelles
55%
Qatar
53%
Botswana
51%
Mauritius
50%
Namibia
46%
No matching quizzes found
Score Distribution
Percent of People with Each Score
Percentile by Number Answered
Your Score History
You have not taken this quiz